Statistics and econometrics : (Record no. 7640)
[ view plain ]
| 000 -LEADER | |
|---|---|
| fixed length control field | 01088nam a22003015a 4500 |
| 005 - DATE AND TIME OF LATEST TRANSACTION | |
| control field | 20150817153701.0 |
| 008 - FIXED-LENGTH DATA ELEMENTS--GENERAL INFORMATION | |
| fixed length control field | 150813s2003 nyua|||fr|||| 001 0 eng d |
| 010 ## - LIBRARY OF CONGRESS CONTROL NUMBER | |
| LC control number | 2002282957 |
| 020 ## - INTERNATIONAL STANDARD BOOK NUMBER | |
| International Standard Book Number | 0471107875 |
| 020 ## - INTERNATIONAL STANDARD BOOK NUMBER | |
| International Standard Book Number | 9780471107873 |
| 040 ## - CATALOGING SOURCE | |
| Original cataloging agency | EG-ScBUE |
| Language of cataloging | eng |
| Transcribing agency | EG-ScBUE |
| 082 04 - DEWEY DECIMAL CLASSIFICATION NUMBER | |
| Classification number | 330.015195 |
| Item number | ASH |
| Edition number | 22 |
| 100 1# - MAIN ENTRY--PERSONAL NAME | |
| Personal name | Ashenfelter, Orley, |
| 245 10 - TITLE STATEMENT | |
| Title | Statistics and econometrics : |
| Remainder of title | methods and applications / |
| Statement of responsibility, etc | Orley Ashenfelter, Phillip B. Levine, David J. Zimmerman. |
| 260 ## - PUBLICATION, DISTRIBUTION, ETC. (IMPRINT) | |
| Place of publication, distribution, etc | New York : |
| Name of publisher, distributor, etc | John Wiley & Sons, |
| Date of publication, distribution, etc | c.2003. |
| 300 ## - PHYSICAL DESCRIPTION | |
| Extent | xix, 300 p. : |
| Other physical details | ill. ; |
| Dimensions | 24 cm. |
| 500 ## - GENERAL NOTE | |
| General note | Index : p. 293-300. |
| 590 ## - LOCAL NOTE (RLIN) | |
| Local note | doaa mohamed |
| 650 #0 - SUBJECT ADDED ENTRY--TOPICAL TERM | |
| Topical term or geographic name as entry element | Social sciences |
| General subdivision | Statistics. |
| Source of heading or term | BUEsh |
| 650 #0 - SUBJECT ADDED ENTRY--TOPICAL TERM | |
| Topical term or geographic name as entry element | Econometrics. |
| Source of heading or term | BUEsh |
| 651 ## - SUBJECT ADDED ENTRY--GEOGRAPHIC NAME | |
| Source of heading or term | BUEsh |
| 653 ## - INDEX TERM--UNCONTROLLED | |
| Resource For college | BAEPS, Economics |
| Arrived date list | August2015 |
| 700 1# - ADDED ENTRY--PERSONAL NAME | |
| Personal name | Levine, Phillip B. |
| 700 1# - ADDED ENTRY--PERSONAL NAME | |
| Personal name | Zimmerman, David J. |
| Fuller form of name | (David John) |
| 856 42 - ELECTRONIC LOCATION AND ACCESS | |
| Materials specified | Publisher description |
| Uniform Resource Identifier | <a href="http://www.loc.gov/catdir/description/wiley039/2002282957.html">http://www.loc.gov/catdir/description/wiley039/2002282957.html</a> |
| 856 42 - ELECTRONIC LOCATION AND ACCESS | |
| Materials specified | Table of contents |
| Uniform Resource Identifier | <a href="http://www.loc.gov/catdir/toc/wiley023/2002282957.html">http://www.loc.gov/catdir/toc/wiley023/2002282957.html</a> |
| 942 ## - ADDED ENTRY ELEMENTS (KOHA) | |
| Item type | Book - Borrowing |
| Source of classification or shelving scheme | Dewey Decimal Classification |
| Withdrawn status | Item status | Source of classification or shelving scheme | Damaged status | Not for loan | Home library | Current library | Shelving location | Date acquired | Source of acquisition | Total Checkouts | Total Renewals | Full call number | Barcode | Date last seen | Date last borrowed | Koha item type |
|---|---|---|---|---|---|---|---|---|---|---|---|---|---|---|---|---|
| Dewey Decimal Classification | Central Library | Central Library | First floor | 03/02/2008 | Purchase | 2 | 42 | 330.015195 ASH | 000003179 | 15/07/2025 | 07/05/2012 | Book - Borrowing | ||||
| Dewey Decimal Classification | Central Library | Central Library | First floor | 03/02/2008 | Purchase | 330.015195 ASH | 000009106 | 15/07/2025 | Book - Borrowing |